Vibrations and waves in physics / (Record no. 6772)

MARC details
000 -LEADER
fixed length control field 01269nam a2200349 i 4500
003 - CONTROL NUMBER IDENTIFIER
control field EG-ScBUE
005 - DATE AND TIME OF LATEST TRANSACTION
control field 20250525082832.0
008 - FIXED-LENGTH DATA ELEMENTS--GENERAL INFORMATION
fixed length control field 150816s1995 enka f b 001 0 eng d
020 ## - INTERNATIONAL STANDARD BOOK NUMBER
International Standard Book Number 0521498481
020 ## - INTERNATIONAL STANDARD BOOK NUMBER
International Standard Book Number 9780521498487
040 ## - CATALOGING SOURCE
Original cataloging agency EG-ScBUE
Language of cataloging eng
Description conventions rda
Transcribing agency EG-ScBUE
Modifying agency EG-ScBUE
082 04 - DEWEY DECIMAL CLASSIFICATION NUMBER
Classification number 531.32
Item number MAI
Edition number 22
100 1# - MAIN ENTRY--PERSONAL NAME
Personal name Main, Iain G.,
Relator term author.
245 10 - TITLE STATEMENT
Title Vibrations and waves in physics /
Statement of responsibility, etc Iain G. Main, formerly senior lecture in physics, University of Liverpool.
250 ## - EDITION STATEMENT
Edition statement Third edition.
264 #1 - PUBLICATION, DISTRIBUTION, ETC. (IMPRINT)
Place of publication, distribution, etc Cambridge :
Name of publisher, distributor, etc Cambridge University Press,
Date of publication, distribution, etc 1995.
300 ## - PHYSICAL DESCRIPTION
Extent xviii, 359 pages :
Other physical details illustrations ;
Dimensions 24 cm.
336 ## - CONTENT TYPE
Source rdacontent
Content type term text
Content type code txt
337 ## - MEDIA TYPE
Media type term unmediated
Source rdamedia
Media type code n
338 ## - CARRIER TYPE
Carrier type term volume
Carrier type code nc
Source rdacarrier
490 0# - SERIES STATEMENT
Series statement Cambridge low price editions
500 ## - GENERAL NOTE
General note Includes index.<br/>
590 ## - LOCAL NOTE (RLIN)
Local note Menna elemam
650 #7 - SUBJECT ADDED ENTRY--TOPICAL TERM
Topical term or geographic name as entry element Vibration.
Source of heading or term BUEsh
650 #7 - SUBJECT ADDED ENTRY--TOPICAL TERM
Topical term or geographic name as entry element Waves.
Source of heading or term BUEsh
653 ## - INDEX TERM--UNCONTROLLED
Resource For college Engineering, General
Arrived date list August2015
655 ## - INDEX TERM--GENRE/FORM
Form subdivision Reading book
856 41 - ELECTRONIC LOCATION AND ACCESS
Materials specified Sample text
Uniform Resource Identifier <a href="http://www.loc.gov/catdir/samples/cam031/92033323.html">http://www.loc.gov/catdir/samples/cam031/92033323.html</a>
856 41 - ELECTRONIC LOCATION AND ACCESS
Materials specified Publisher description
Uniform Resource Identifier <a href="http://www.loc.gov/catdir/description/cam025/92033323.html">http://www.loc.gov/catdir/description/cam025/92033323.html</a>
856 41 - ELECTRONIC LOCATION AND ACCESS
Materials specified Table of contents
Uniform Resource Identifier <a href="http://www.loc.gov/catdir/toc/cam028/92033323.html">http://www.loc.gov/catdir/toc/cam028/92033323.html</a>
942 ## - ADDED ENTRY ELEMENTS (KOHA)
Koha item type Book - Borrowing
Source of classification or shelving scheme Dewey Decimal Classification
Holdings
Withdrawn status Lost status Source of classification or shelving scheme Damaged status Not for loan Collection code Home library Current library Shelving location Date acquired Source of acquisition Total Checkouts Full call number Barcode Date last seen Price effective from Koha item type
    Dewey Decimal Classification     Alahram Central Library Central Library First floor 04/12/2007 Purchase   531.32 MAI 000002657 15/07/2025 04/12/2006 Book - Borrowing
    Dewey Decimal Classification       Central Library Central Library First floor 04/12/2007 Purchase   531.32 MAI 000008176 15/07/2025   NB - Book (Non borrowing)